| 000 | 00879nam a2200217 a 4500 | ||
|---|---|---|---|
| 008 | 100622s1994 ||||||||||||||||| || u | ||
| 020 | _a9976101791 | ||
| 050 | _aESAURP(02) | ||
| 110 | _aESAURP | ||
| 245 | 1 | 4 | _aThe cost of peace: views of political parties on the transition of multiparty democracy |
| 260 |
_aDar es Salaam: _bTanzania Pub. House _c1994 |
||
| 300 | _axxiii, 161p. | ||
| 350 | _a0.00 | ||
| 650 | _aDEMOCRATIZATION--AFRICA--CONGRESSES | ||
| 650 | _aAFRICA--POLITICS AND GOVERNMENT--1960--CONGRESSES | ||
| 650 | _aPOLITICS | ||
| 650 | _aDEMOCRACY--AFRICA--CONGRESSES | ||
| 650 | _aOPPOSITION (POLITICAL SCIENCE)--AFRICA--CONGRESSES | ||
| 650 | _aPOLITICAL PARTIES--AFRICA--CONGRESSES | ||
| 995 |
_D0.00 _FCBU-MAIN LIBRARY (Kitwe) _H1 _I0.00 _M1 _UAVAILABLE _WJun 22, 2010 _ZInternational Publications |
||
| 999 |
_c39008 _d39008 |
||